000 00513nam a2200229Ia 4500
003 OSt
005 20221005123550.0
006 a|||||r|||| 00| 0
007 ta
008 221004b |||||||| |||| 00| 0 eng d
024 _a53947
037 _cTextual
040 _aCRL
_cCRL
_beng
041 _2eng
_aeng
082 _aR1, J83
100 _aLuce A A
_942214
245 0 _aLogic.
260 _c1958
650 _aLOGIC
942 _hR1, J83
_cTEXL
_2cc
999 _c1047787
_d1047787